000 00569nam a2200229Ia 4500
003 OSt
005 20221005121519.0
006 a|||||r|||| 00| 0
007 ta
008 221004b |||||||| |||| 00| 0 eng d
024 _a70160
037 _cTextual
040 _aCRL
_cCRL
_beng
041 _2eng
_aeng
082 _aY115.2, B2
100 _aL L H.
_9630711
245 0 _aHindu women with glimpses into their life and zenanas
260 _c1882
650 _aSOCIOLOGY
942 _hY115.2, B2
_cTEXL
_2cc
999 _c1041346
_d1041346